000 00365 a2200169 4500
001 171785
020 _a85-08-02980-2
040 _cMagnum
100 _aMonteiro, José Maviael
240 1 0 _aO ninho dos gaviões
_lpor
245 1 0 _aO ninho dos gaviões
300 _a96
362 0 _a1993
440 1 _aÁtica
697 _aLITERATURA JUVENIL
942 _cBK
999 _c171785
_d171785